000 00371nam a2200145Ia 4500
005 20251222144706.0
008 251222s9999||||xx |||||||||||||| ||spa||
020 _a9789972229824
082 _a346.850.52/J24
100 _aJara Quispe, Rebeca
245 0 _aManual de Derecho de Sucesiones
250 _a1ra.ed.
264 _bJurista Editores E. I. R. L.
942 _cLIB
999 _c17651
_d17651